Dilemmas in defence decision- making (Record no. 8998)
[ view plain ]
| 000 -LEADER | |
|---|---|
| fixed length control field | 00665nam a22002177a 4500 |
| 003 - CONTROL NUMBER IDENTIFIER | |
| control field | OSt |
| 005 - DATE AND TIME OF LATEST TRANSACTION | |
| control field | 20240627131021.0 |
| 008 - FIXED-LENGTH DATA ELEMENTS--GENERAL INFORMATION | |
| fixed length control field | 240627b |||||||| |||| 00| 0 eng d |
| 020 ## - INTERNATIONAL STANDARD BOOK NUMBER | |
| International Standard Book Number | 0333-68947-x |
| 040 ## - CATALOGING SOURCE | |
| Transcribing agency | MUST |
| 082 ## - DEWEY DECIMAL CLASSIFICATION NUMBER | |
| Classification number | 355.033 DEN 1998 |
| 100 ## - MAIN ENTRY--PERSONAL NAME | |
| Personal name | Denholm, Crosby Ann |
| 9 (RLIN) | 18260 |
| 245 ## - TITLE STATEMENT | |
| Title | Dilemmas in defence decision- making |
| Remainder of title | : constructing Canada's role in Norad, 1958-96 |
| 300 ## - PHYSICAL DESCRIPTION | |
| Extent | xii, 253p. |
| Dimensions | ; 22 cm |
| 504 ## - BIBLIOGRAPHY, ETC. NOTE | |
| Bibliography, etc | includes index |
| 650 ## - SUBJECT ADDED ENTRY--TOPICAL TERM | |
| Topical term or geographic name as entry element | Canada Defenses |
| 9 (RLIN) | 18261 |
| 650 ## - SUBJECT ADDED ENTRY--TOPICAL TERM | |
| Topical term or geographic name as entry element | Canada - politics and government 20th century |
| 9 (RLIN) | 18262 |
| 650 ## - SUBJECT ADDED ENTRY--TOPICAL TERM | |
| Topical term or geographic name as entry element | Cold war |
| 9 (RLIN) | 18263 |
| 650 ## - SUBJECT ADDED ENTRY--TOPICAL TERM | |
| Topical term or geographic name as entry element | National security - canada |
| 9 (RLIN) | 18264 |
| 942 ## - ADDED ENTRY ELEMENTS (KOHA) | |
| Source of classification or shelving scheme | Dewey Decimal Classification |
| Koha item type | Open Shelf |
| Withdrawn status | Lost status | Source of classification or shelving scheme | Damaged status | Not for loan | Home library | Current library | Date acquired | Source of acquisition | Inventory number | Total Checkouts | Full call number | Barcode | Date last seen | Price effective from | Koha item type |
|---|---|---|---|---|---|---|---|---|---|---|---|---|---|---|---|
| Dewey Decimal Classification | MUST Main Library | MUST Main Library | 27/06/2024 | Purchase | 03/18969 | 355.033 DEN 1998 | 2024-21568 | 27/06/2024 | 27/06/2024 | Open Shelf | |||||
| Dewey Decimal Classification | MUST Main Library | MUST Main Library | 27/06/2024 | Purchase | 03/18968 | 355.033 DEN 1998 | 2024-21569 | 27/06/2024 | 27/06/2024 | Open Shelf | |||||
| Dewey Decimal Classification | MUST Main Library | MUST Main Library | 27/06/2024 | Purchase | 03/18970 | 355.033 DEN 1998 | 2024-21570 | 27/06/2024 | 27/06/2024 | Open Shelf |
